Kenya Association of Manufacturer's : directory 2004/2005.
| Format: | Book |
|---|---|
| Published: |
Nairobi:
Kenya Association of Manufacturer's,
2004.
|
| Subjects: |
| LEADER | 00495cam a2200145 7i4500 | ||
|---|---|---|---|
| 001 | 0000016249 | ||
| 005 | 20050923090000.0 | ||
| 090 | 0 | 0 | |a KENA 388.7025 |b KEN |
| 245 | 0 | 0 | |a Kenya Association of Manufacturer's : |b directory 2004/2005. |
| 260 | 0 | 0 | |a Nairobi: |b Kenya Association of Manufacturer's, |c 2004. |
| 300 | # | # | |a 163p. |
| 650 | 0 | 0 | |a Business -- |x Directories -- |z Kenya |
| 650 | 0 | 0 | |a Manufacturer's -- |x Directories -- |z Kenya |
| 651 | 0 | 0 | |a Kenya |
| 999 | |a 0000017552 |b Book |c Countries |e Business Information Centre | ||